000 00528cam a22002171 4500
001 sa 64006212
003 DLC
005 20260227112038.0
008 890601s1962 ii 000 0 tamo
010 _asa 64006212
035 _a(OCoLC)19795876
040 _aDLC
_cWaU
_dDLC
042 _apremarc
050 0 0 _aPL4758.9.C3
_bM37
100 0 _aCentur̲aimuttu.
245 1 0 _aMaṇimēkalai Pauttamā?
260 _c[1962]
300 _a270 p.
_c19 cm.
500 _aIn Tamil.
600 0 0 _aCāttan̲ār.
_tMaṇimēkalai.
999 _c59579
_d59579